000 00189nam a2200073Ia 4500
008 170523s9999 xx 000 0 und d
100 _aBali- S.P.
245 0 _a2000 Solved Problems in Digital Electronics
260 _aT.M.H.
999 _c12158
_d12158